Advanced cost accounting / (Record no. 147654)

MARC details
000 -LEADER
fixed length control field 00619nam a22002057a 4500
005 - DATE AND TIME OF LATEST TRANSACTION
control field 20171122125907.0
010 ## - LCCN (DPL NO)
LC control number ENG-121562
020 ## - INTERNATIONAL STANDARD BOOK NUMBER
International Standard Book Number 9789325981089
Terms of availability 250.00
035 ## - SYSTEM CONTROL NUMBER
System control number EN-105094
037 ## - SOURCE OF ACQUISITION
Source of stock number/acquisition DBAD/PUB
082 ## - DEWEY DECIMAL CLASSIFICATION NUMBER
Classification number 657.42
100 ## - MAIN ENTRY--PERSONAL NAME
Personal name Senthilkumar, K
245 ## - TITLE STATEMENT
Title Advanced cost accounting /
Statement of responsibility, etc by K Senthilkumar, K Maruthamuthu [and] Desti Kannaiah
260 ## - PUBLICATION, DISTRIBUTION, ETC. (IMPRINT)
Place of publication, distribution, etc Noida
Name of publisher, distributor, etc Vikas Publishing House
Date of publication, distribution, etc 2014
270 ## - ADDRESS
Address E-28, Sector-8,
City Noida(UP)
Postal code 201301
300 ## - PHYSICAL DESCRIPTION
Extent xii,335p.
Dimensions 25cm(pbk)
700 ## - ADDED ENTRY--PERSONAL NAME
Personal name Maruthamuthu, K
700 ## - ADDED ENTRY--PERSONAL NAME
Personal name Kannaiah, Desti
942 ## - ADDED ENTRY ELEMENTS (KOHA)
Source of classification or shelving scheme Dewey Decimal Classification
Item type English Books
Classification part 657.42
Call number suffix SEN
Holdings
Withdrawn status Lost status Not for loan Collection code Home library Current library Date acquired Source of acquisition Cost, normal purchase price Full call number Barcode Copy number Cost, replacement price Koha item type
    Not For Loan Non-fiction D.B.Act.Division Bawana 22/11/2017 DBAD/PUB 250.00 657.42 SEN EN-105094 1 250.00 English Books

© Delhi Public Library
Hit Counter
free hit counter